Estrategias de liderazgo & motivación para mercados competitivos (Registro nro. 8494)
[ vista simple ]
| 000 -LEADER | |
|---|---|
| fixed length control field | 00865nas a2200229 454500 |
| 001 - CONTROL NUMBER | |
| control field | 16304 |
| 005 - DATE AND TIME OF LATEST TRANSACTION | |
| control field | 20260407193505.0 |
| 008 - FIXED-LENGTH DATA ELEMENTS--GENERAL INFORMATION | |
| fixed length control field | 260407s ####ag###########|||spa#d |
| 003 - CONTROL NUMBER IDENTIFIER | |
| control field | AR-UNSa-BCEJYS |
| 040 ## - CATALOGING SOURCE | |
| Original cataloging agency | AR-UNSa-BCEJYS |
| Language of cataloging | spa |
| Transcribing agency | AR-UNSa-BCEJYS |
| 080 ## - UNIVERSAL DECIMAL CLASSIFICATION NUMBER | |
| Universal Decimal Classification number | 658.01 |
| Common auxiliary subdivision | Metodología. Teoría y práctica de la organización( teoria de la organización, análisis organizacional...) |
| 041 ## - LANGUAGE CODE | |
| Language code of text/sound track or separate title | spa |
| 100 1# - MAIN ENTRY--PERSONAL NAME | |
| Personal name | Escuela Argentina de Marketing |
| 245 10 - TITLE STATEMENT | |
| Title | Estrategias de liderazgo & motivación para mercados competitivos |
| 264 #1 - PRODUCTION, PUBLICATION, DISTRIBUTION, MANUFACTURE, AND COPYRIGHT NOTICE | |
| Place of production, publication, distribution, manufacture | Buenos Aires : |
| Name of producer, publisher, distributor, manufacturer | Escuela Argentina de Marketing |
| 590 ## - LOCAL NOTE (RLIN) | |
| Local note | niveau_biblio:s niveau_hierar:1 |
| 650 ## - SUBJECT ADDED ENTRY--TOPICAL TERM | |
| Topical term or geographic name entry element | Motivación |
| 650 ## - SUBJECT ADDED ENTRY--TOPICAL TERM | |
| Topical term or geographic name entry element | ADMINISTRACION DE EMPRESAS |
| 650 ## - SUBJECT ADDED ENTRY--TOPICAL TERM | |
| Topical term or geographic name entry element | Liderazgo |
| 856 41 - ELECTRONIC LOCATION AND ACCESS | |
| Uniform Resource Identifier | <a href="https://biblioeco.unsa.edu.ar/pmb/images/revistas/Liderazgo y Motivacion.jpg">https://biblioeco.unsa.edu.ar/pmb/images/revistas/Liderazgo y Motivacion.jpg</a> |
| Link text | Imagen de portada |
| Electronic format type | image/jpeg |
| 942 ## - ADDED ENTRY ELEMENTS (KOHA) | |
| Koha item type | |
| Withdrawn status | Lost status | Damaged status | Not for loan | Home library | Current library | Shelving location | Date acquired | Serial enumeration / chronology | Total checkouts | Full call number | Barcode | Date last seen | Price effective from | Koha item type |
|---|---|---|---|---|---|---|---|---|---|---|---|---|---|---|
| Biblioteca Prof. Eusebio Cleto del Rey | Biblioteca Prof. Eusebio Cleto del Rey | 01/09/1990 | Nº 5 | H658.01 EST 5 | R08366 | 10/04/2026 | 10/04/2026 | Numero | ||||||
| Biblioteca Prof. Eusebio Cleto del Rey | Biblioteca Prof. Eusebio Cleto del Rey | 01/07/1990 | Nº 4 | H658.01 EST 4 | R08365 | 10/04/2026 | 10/04/2026 | Numero | ||||||
| Biblioteca Prof. Eusebio Cleto del Rey | Biblioteca Prof. Eusebio Cleto del Rey | 01/05/1990 | Nº 3 | H658.01 EST 3 | R08364 | 10/04/2026 | 10/04/2026 | Numero | ||||||
| Biblioteca Prof. Eusebio Cleto del Rey | Biblioteca Prof. Eusebio Cleto del Rey | 01/03/1990 | Nº 2 | H658.01 EST 2 | R08363 | 10/04/2026 | 10/04/2026 | Numero | ||||||
| Biblioteca Prof. Eusebio Cleto del Rey | Biblioteca Prof. Eusebio Cleto del Rey | 01/01/1990 | Nº 1 | H658.01 EST 1 | R08342 | 10/04/2026 | 10/04/2026 | Numero |